Indice de rezago social /

Збережено в:
Бібліографічні деталі
Автор: González Quesada, María Elena
Співавтор: Simposio Costa Rica a la luz del Censo del 2000 ( 5-6 de agosto del 2002)
Формат: Матеріали конференцій
Онлайн доступ:mariae.gonzalez@incec.go.cr/http://populi.eest.ucr.ac.cr
Теги: Додати тег
Немає тегів, Будьте першим, хто поставить тег для цього запису!

MARC

LEADER 00000 a a2200000 04500
001 44964
003
040
100 |a González Quesada, María Elena  
245 |a Indice de rezago social /  |c María Elena González Quesada  
500 |a Métódos de estratificación socioeconómica y familiar: Parte I  
711 |a Simposio Costa Rica a la luz del Censo del 2000 ( 5-6 de agosto del 2002)  
773 |g páginas 3-27  
856 |u mariae.gonzalez@incec.go.cr/http://populi.eest.ucr.ac.cr  
999 |c 34969  |d 34969